Economics
This study guide to the main text, "Economics", includes learning objectives, review and self-test questions, answers to multiple-choice questions, exercises, short problems, answers to chapter exercises, cases and case questions. The main text, "Economics", is also available in...
Zapisane w:
| 1. autor: | |
|---|---|
| Format: | Książka |
| Język: | Undetermined |
| Wydane: |
New York
Harper international
1978
|
| Hasła przedmiotowe: | |
| Etykiety: |
Dodaj etykietę
Nie ma etykietki, Dołącz pierwszą etykiete!
|
| Thư viện lưu trữ: | Trung tâm Học liệu Trường Đại học Cần Thơ |
|---|
| LEADER | 00836nam a2200193Ia 4500 | ||
|---|---|---|---|
| 001 | CTU_23689 | ||
| 008 | 210402s9999 xx 000 0 und d | ||
| 082 | |a 330 | ||
| 082 | |b L767 | ||
| 100 | |a Lipsey, Richard G. | ||
| 245 | 0 | |a Economics | |
| 245 | 0 | |c Richard G. Lipsey, Peter O. Steiner | |
| 260 | |a New York | ||
| 260 | |b Harper international | ||
| 260 | |c 1978 | ||
| 520 | |a This study guide to the main text, "Economics", includes learning objectives, review and self-test questions, answers to multiple-choice questions, exercises, short problems, answers to chapter exercises, cases and case questions. The main text, "Economics", is also available in separate volumes, "Macroeconomics" and "Microeconomics". | ||
| 650 | |a Economics | ||
| 904 | |i Phượng, Hải | ||
| 980 | |a Trung tâm Học liệu Trường Đại học Cần Thơ | ||